000 00298nam a22001457a 4500
003 SGT
082 _a612
_bV10C
100 _aCHAUDHARI, A R
245 _aVIVA IN PHYSIOLOGY
250 _a3RD
260 _aDELHI
_bPARAS MEDICAL
_c2010
300 _a237
650 _aPHYSIOLOGY
942 _2ddc
_cBK
_01
999 _c8518
_d8518